000 00485nam a22001817a 4500
005 20250415130920.0
008 250414b |||||||| |||| 00| 0 eng d
020 _a978-1-975150-19-6
041 _aeng
082 _a615.8 LIG-A
100 _aLIGUORI,GARY AND FEITO, YURI & FOUNTAINE,CHARLES
_98628
245 _aACSM'S GUIDELINES FOR EXERCISE TESTING AND PRESCRIPTION
250 _a11TH ED. 2021
260 _bWOLTERS KLUWER
300 _a513,P
650 _aBPT
942 _cBK
999 _c8764
_d8762